[Event "45th Olympiad 2024"]
[Site "Budapest HUN"]
[Date "2024.09.16"]
[Round "6.52"]
[Board "3"]
[White "Van Opstal, Rurik"]
[Black "Brahami, Lamine"]
[Result "0-1"]
[WhiteElo "2006"]
[BlackElo "2188"]
[PlyCount "75"]
[EventDate "2024.09.11"]
[WhiteTeam "Netherlands Antilles"]
[BlackTeam "Algeria"]
[WhiteTeamCountry "AHO"]
[BlackTeamCountry "ALG"]

1. e4 c5 2. Nf3 d6 3. d4 cxd4 4. Nxd4 Nf6 5. Nc3 a6 6. h3 e5 7. Nf3 Qc7 8. a4 ({RR} 8. Nh2 Nbd7 9. Ng4 b5 10. Ne3 Nb6 11. a3 Be7 12. Bd3 Be6 13. Qf3 g6 14. O-O Nfd7 15. Bd2 Nc5 16. Be2 O-O 17. Nf5 Bxf5 18. exf5 d5 19. Bh6 Rfd8 20. Rad1 e4 21. Qg4 Nca4 22. Nxa4 Nxa4 {0-1 Praggnanandhaa,R (2684)-Maghsoodloo,P (2719) 85th Tata Steel Masters 2023 (11.4)}) ({RR} 8. g4 Be6 9. Be3 Be7 10. g5 Nfd7 11. Nd5 Bxd5 12. Qxd5 Nb6 13. Bxb6 Qxb6 14. Qb3 Qxb3 15. axb3 h6 16. gxh6 Rxh6 17. b4 Rf6 18. Bb5+ Nc6 19. Ke2 Rf4 20. Nd2 Rc8 21. Bxc6+ Rxc6 22. c3 g6 {½-½ Neelash,S (2446)-Brahami,L (2188) 59th World Juniors 2022 (9.22)}) 8... b6 ({RR} 8... Be6 9. Ng5 Bd7 10. Bd3 Be7 11. O-O h6 12. Nf3 O-O 13. Re1 Nc6 14. Bc4 Rac8 15. Ba2 Nb4 16. Bb3 Be6 17. Be3 Rfd8 18. a5 Nd7 19. Ra4 Nc6 20. Nd5 Bxd5 21. Qxd5 Rf8 22. Rd1 Nc5 23. Bxc5 {1-0 Krishnan,R (2277)-Prraneeth,V (2506) Fagernes GM Open 2024 (4.22)}) 9. Bd3 Be7 10. g4 $146 ({RR} 10. Nh2 Bb7 11. Ng4 Nbd7 12. Ne3 Nc5 13. Ned5 Nxd5 14. Nxd5 Bxd5 15. exd5 O-O 16. O-O f5 17. Be2 Bf6 18. Ra3 e4 19. f4 b5 20. axb5 axb5 21. Bxb5 Qb6 22. Bc6 Rxa3 23. bxa3 Nd3+ 24. Kh2 Nxc1 {½-½ Ilamparthi,A (2393)-Solodovnichenko,Y (2520) 45th Barbera Open 2023 (6.5)}) 10... h6 11. Rg1 Nc6 12. Bc4 Nb4 13. Bb3 Be6 14. Nd5 Nbxd5 15. exd5 Bc8 16. Be3 g6 17. Nd2 Rb8 18. Qf3 h5 19. g5 Nd7 20. c3 b5 21. h4 bxa4 22. Rxa4 O-O 23. Kf1 Nc5 24. Bxc5 Qxc5 25. Kg2 Rb5 26. Ra2 Rxb3 27. Nxb3 Qc4 28. Ra3 Qxh4 29. Qg3 Qc4 30. Rd1 h4 31. Nd2 Qxd5+ 32. Qf3 Qe6 33. Ra4 Bxg5 34. Ne4 Be7 35. Rb4 f5 36. Nd2 d5 37. Rb3 e4 38. Qe3 0-1

[Event "45th Olympiad 2024"]
[Site "Budapest HUN"]
[Date "2024.09.16"]
[Round "6.52"]
[Board "4"]
[White "Bengherabi, Khalil"]
[Black "Blijstra, Willem"]
[Result "1-0"]
[WhiteElo "2076"]
[BlackElo "2063"]
[PlyCount "75"]
[EventDate "2024.09.11"]
[WhiteTeam "Algeria"]
[BlackTeam "Netherlands Antilles"]
[WhiteTeamCountry "ALG"]
[BlackTeamCountry "AHO"]

1. e4 d6 2. d4 Nf6 3. Nc3 g6 4. Be3 c6 5. f3 Qa5 ({RR} 5... h5 6. Qd2 b5 7. O-O-O a6 8. Kb1 Qc7 9. Nh3 Bxh3 10. gxh3 Nbd7 11. h4 O-O-O 12. a4 Kb7 13. d5 b4 14. dxc6+ Qxc6 15. Na2 a5 16. Bb5 Qc7 17. c3 b3 18. Nc1 Nc5 19. Bxc5 Qxc5 20. Nxb3 {1-0 Kovalev,V (2648)-Manolache,M (2533) Titled Tuesday intern op 10th Nov blitz 2020 (2)}) ({RR} 5... Qc7 6. h4 h5 7. Qd2 Nbd7 8. O-O-O b5 9. Kb1 Bg7 10. Nh3 Nb6 11. b3 Bxh3 12. gxh3 a5 13. d5 b4 14. Bxb6 Qxb6 15. Na4 Qc7 16. dxc6 Qxc6 17. Bc4 O-O 18. Rhg1 Kh7 19. Qg5 d5 20. exd5 {1-0 Pajeken,J (2416)-Stojanovski,S (2169) Titled Tue 25th Jun Early 2024 (7)}) 6. Qd2 h5 $146 ({RR} 6... e5 7. Nge2 Be6 8. g4 Bc4 9. g5 Nh5 10. O-O-O Ng7 11. f4 exf4 12. Nxf4 Bxf1 13. Rdxf1 Nd7 14. Nd3 Be7 15. Qg2 f5 16. gxf6 Nxf6 17. Bd2 Qc7 18. e5 dxe5 19. dxe5 Nfh5 20. Qg4 Qd7 21. e6 {1-0 Sokolov,E-Lauterbach,I (2125) Bad Zwesten op 1st 1997 (7)}) ({RR} 6... Be6 7. g4 Bg7 8. Nge2 Bc4 9. Ng3 Bxf1 10. Rxf1 h6 11. O-O-O Nbd7 12. h3 Nb6 13. b3 Qa3+ 14. Kb1 a5 15. Qd3 a4 16. Nb5 cxb5 17. Qxb5+ Nfd7 18. Bc1 axb3 19. Bxa3 bxc2+ 20. Kxc2 Rxa3 21. Kb1 {1-0 Ferreira,E (2105)-Lisboa Torres,E (1838) Sao Paulo Braga op 2011 (4)}) ({RR} 6... a6 7. O-O-O Nbd7 8. Kb1 b5 9. Nd5 Qxd2 10. Nxf6+ Nxf6 11. Rxd2 Bg7 12. Bd3 O-O 13. Ne2 Bb7 14. Rc1 Nd7 15. a3 a5 16. c4 bxc4 17. Rxc4 e5 18. Rcc2 exd4 19. Nxd4 Ne5 20. Be2 h5 21. f4 {1-0 Granados Ortiz,F (2044)-Espinoza,J (2096) Managua Olympiad Qual1 2022 (2)}) 7. h4 Bg7 8. Nge2 b5 9. a3 Nbd7 10. Nc1 a6 11. Nd3 Qc7 12. Qf2 Bb7 13. g3 Rc8 14. Bh3 Rb8 15. O-O-O Nb6 16. e5 Nfd5 17. Nxd5 Nxd5 18. exd6 Qxd6 19. Bd2 Qf6 20. Ne5 Bc8 21. Bxc8 Rxc8 22. Rhe1 O-O 23. Nd7 Qd6 24. Nxf8 Kxf8 25. f4 Qc7 26. f5 Kg8 27. fxg6 fxg6 28. Re6 Rf8 29. Qe1 Kh7 30. Bg5 Rf7 31. Qe4 Bf6 32. Bxf6 exf6 33. g4 hxg4 34. Qxg4 Qh2 35. Rxc6 Ne3 36. Qe6 Qf4 37. Qxf7+ Kh6 38. Qxf6 1-0

[Event "45th Olympiad 2024"]
[Site "Budapest HUN"]
[Date "2024.09.16"]
[Round "6.53"]
[Board "1"]
[White "Dominguez, Jose Manuel"]
[Black "Mehrad, Ahmad Tamim"]
[Result "0-1"]
[WhiteElo "2195"]
[BlackElo "2015"]
[PlyCount "62"]
[EventDate "2024.09.11"]
[WhiteTeam "Dominican Republic"]
[BlackTeam "Afghanistan"]
[WhiteTeamCountry "DOM"]
[BlackTeamCountry "AFG"]

1. e4 g6 2. d3 Bg7 3. Nf3 d6 4. Be2 Nf6 5. O-O O-O 6. Re1 Nbd7 7. c3 c5 8. Bf1 Qc7 9. d4 Rd8 10. h3 b6 11. Nbd2 Bb7 12. Qb3 $146 ({RR} 12. d5 Rf8 13. Qb3 Rae8 14. Bc4 h6 15. a4 Kh7 16. a5 bxa5 17. Qa2 a4 18. Qxa4 e6 19. dxe6 Nb6 20. Qa5 fxe6 21. Bb5 Re7 22. e5 dxe5 23. Nxe5 Ne8 24. Ndc4 Nd6 25. Nxd6 Qxd6 26. f4 Bxe5 {0-1 Yegiazarian,A (2513)-Jobava,B (2430) Yerevan zt 1.5 2000 (3)}) 12... e6 13. a4 h6 14. a5 Rab8 15. a6 Bc6 16. Bb5 Rbc8 17. c4 Bxb5 18. Qxb5 cxd4 19. Nxd4 Nc5 20. Ra3 Nfxe4 21. Nxe6 Nxe6 22. Nxe4 Qxc4 23. Qxc4 Rxc4 24. Rd3 d5 25. Nc3 d4 26. Nb5 Rd7 27. Bd2 Nc5 28. Re8+ Kh7 29. Ra3 Rc2 30. Bb4 Rxb2 31. Bxc5 Rxb5 0-1

[Event "45th Olympiad 2024"]
[Site "Budapest HUN"]
[Date "2024.09.16"]
[Round "6.53"]
[Board "2"]
[White "Haidary, Hameedullah"]
[Black "Araujo Sanchez, Josue"]
[Result "1-0"]
[WhiteElo "2192"]
[BlackElo "2296"]
[PlyCount "171"]
[EventDate "2024.09.11"]
[WhiteTeam "Afghanistan"]
[BlackTeam "Dominican Republic"]
[WhiteTeamCountry "AFG"]
[BlackTeamCountry "DOM"]

1. d4 d6 2. e4 Nf6 3. Bd3 e5 4. c3 Nc6 5. Ne2 Be7 6. O-O O-O 7. f4 Bg4 8. d5 ({RR} 8. Be3 Re8 9. Nd2 Bf8 10. fxe5 dxe5 11. d5 Ne7 12. h3 Bxe2 13. Qxe2 Ng6 14. Rf2 c6 15. c4 cxd5 16. cxd5 Rc8 17. Kh1 Bc5 18. Raf1 Bxe3 19. Qxe3 Qb6 20. Qxb6 axb6 21. Nc4 Nxe4 22. Bxe4 Rxc4 {1-0 Kochiev,I (2074)-Hoffmann,A (2185) Titled Tue 20th Aug Late 2024 (11)}) 8... Nb8 9. f5 c6 10. c4 Nfd7 $146 ({RR} 10... b5 11. Nbc3 b4 12. Nb1 Nh5 13. Qe1 a5 14. Be3 Bg5 15. Qd2 Bxe3+ 16. Qxe3 Nd7 17. Ng3 f6 18. h3 Nxg3 19. Qxg3 Bh5 20. Qe3 Nc5 21. Nd2 a4 22. g4 Be8 23. Kh2 h6 24. Rg1 Kf7 25. Rg3 {0-1 Kaplan,D (2130)-Novak,J (2094) Rakovnik Regional-chT 1415 2014 (4.3)}) 11. Nbc3 Bg5 12. h3 Bxe2 13. Qxe2 Bxc1 14. Raxc1 Qg5 15. Bb1 Nf6 16. Rcd1 c5 17. Nb5 Ne8 18. Rd3 Nd7 19. Kh2 Ndf6 20. Rb3 a6 21. Nc3 Rb8 22. Qe1 Kh8 23. Qc1 Qxc1 24. Rxc1 h5 25. Rg1 g5 26. g3 Kg7 27. Bd3 Nc7 28. a4 b6 29. Kg2 Nd7 30. Kf2 Ra8 31. Be2 Rh8 32. Ra3 Kf6 33. Rga1 Rab8 34. Rb3 Ke7 35. Ke3 Rb7 36. Kd2 Nf6 37. Ke3 Rhb8 38. Ra2 Kd8 39. Ra1 Ke7 40. Ra2 Nd7 41. Ra1 h4 42. g4 b5 43. cxb5 axb5 44. Nxb5 Na6 45. Rc3 Ra8 46. b3 Nb4 47. Rd1 Nb8 48. Rd2 N8a6 49. Na3 Nc7 50. Nc4 Kd7 51. Na3 Ke7 52. Bc4 f6 53. Rc1 Rab8 54. Nb5 Nca6 55. Ra1 Kd7 56. Nc3 Kc7 57. Bb5 Kb6 58. Nb1 Kc7 59. Na3 Ra8 60. Bc6 Nb8 61. Bxb7 Kxb7 62. Nb5 Ra6 63. Rc1 Rb6 64. Nxd6+ Rxd6 65. Rxc5 Nd7 66. Rc4 Rb6 67. Rb2 Kb8 68. Kd2 Na6 69. b4 Nac5 70. b5 Nb7 71. Rbc2 Nd6 72. Rc6 Nxe4+ 73. Kd3 Rxc6 74. dxc6 Ndc5+ 75. Ke3 Kc7 76. Rc4 Nxa4 77. Rxa4 Nd6 78. Ra7+ Kb6 79. Rd7 Nxb5 80. Rf7 Nc3 81. c7 Kb7 82. Kd3 Nd5 83. Kc4 Nf4 84. Kc5 e4 85. Kd6 e3 86. Rf8 1-0

[Event "45th Olympiad 2024"]
[Site "Budapest HUN"]
[Date "2024.09.16"]
[Round "6.53"]
[Board "3"]
[White "Jimenez Jimenez, Leandro"]
[Black "Kanz, Ahmad Safy"]
[Result "0-1"]
[WhiteElo "2188"]
[BlackElo "1977"]
[PlyCount "82"]
[EventDate "2024.09.11"]
[WhiteTeam "Dominican Republic"]
[BlackTeam "Afghanistan"]
[WhiteTeamCountry "DOM"]
[BlackTeamCountry "AFG"]

1. d4 d5 2. c4 e6 3. Nf3 c5 4. g3 Nc6 5. Bg2 Nf6 6. O-O Be7 7. Nc3 O-O 8. cxd5 exd5 9. Bg5 c4 10. Ne5 Be6 11. Nxc6 bxc6 12. b3 Qa5 13. Qc2 Rac8 14. bxc4 dxc4 15. Ne4 Rfd8 16. Rfd1 ({RR} 16. e3 c5 17. d5 Nxd5 18. Bxe7 Nxe7 19. Ng5 Bf5 20. Qxc4 Bg6 21. Be4 Qb6 22. Rad1 Qf6 23. Rxd8+ Rxd8 24. Bxg6 Nxg6 25. Qxc5 h6 26. Ne4 Qe6 27. Qc2 Ne5 28. f3 Nc4 29. Qe2 f5 30. Nc5 Qxe3+ {1-0 Nyback,T (2598)-Berelowitsch,A (2565) Bundesliga 1213 2012 (9)}) 16... Rd7 17. Nxf6+ gxf6 18. Bd2 $146 ({RR} 18. Bf4 Qd8 19. e3 c5 20. d5 Bxd5 21. Bh3 Be6 22. Bxe6 fxe6 23. Rxd7 Qxd7 24. Rd1 Qc6 25. Qxc4 Kg7 26. Qe2 c4 27. Qh5 Bf8 28. Qh6+ Kg8 29. Qxf6 c3 30. Be5 Rc7 31. Qh8+ {1-0 Schmidt,J (2310)-Hamann,S (2235) Dresden-ch 1998}) 18... Qh5 19. Bc3 c5 20. Bf3 Bg4 21. Qa4 Rcc7 22. Ba5 Bxf3 23. Bxc7 Bg4 24. Bf4 cxd4 25. Qxc4 Bxe2 26. Qc6 Rd8 27. Qc7 Kf8 28. Re1 d3 29. Bd2 Rd5 30. Rab1 Bd6 31. Rb8+ Kg7 32. Qd8 Bxb8 33. Qxb8 Qh3 34. Bb4 Qf5 35. Qf8+ Kg6 36. Qg8+ Kh5 37. Qxf7+ Kg4 38. Qg8+ Kh3 39. Qg7 Qf3 40. Qxh7+ Rh5 41. Qd7+ f5 0-1

[Event "45th Olympiad 2024"]
[Site "Budapest HUN"]
[Date "2024.09.16"]
[Round "6.53"]
[Board "4"]
[White "Abdul Khaliq, Wais"]
[Black "Mendez Ramirez, Victor"]
[Result "1-0"]
[WhiteElo "1968"]
[BlackElo "2191"]
[PlyCount "87"]
[EventDate "2024.09.11"]
[WhiteTeam "Afghanistan"]
[BlackTeam "Dominican Republic"]
[WhiteTeamCountry "AFG"]
[BlackTeamCountry "DOM"]

1. d4 Nf6 2. c4 b6 3. Nc3 Bb7 4. Bg5 e6 5. e3 Bb4 6. Nge2 h6 7. Bh4 g5 ({RR} 7... O-O 8. f3 d5 9. cxd5 exd5 10. a3 Bd6 11. Bf2 Re8 12. Ng3 c5 13. Be2 Nbd7 14. O-O a6 15. Nf5 Bf8 16. Qc2 g6 17. Ng3 Rc8 18. Rad1 h5 19. Rfe1 b5 20. dxc5 Bxc5 21. Bd3 h4 22. Nge2 {0-1 Bratanov,Z (2465)-Sokolov,I (2645) FRA-chT Top 12 2011 (7.1)}) 8. Bg3 Ne4 9. Qb3 $146 ({RR} 9. f3 Nxg3 10. Nxg3 Nc6 11. Nh5 Rg8 12. Qc2 g4 13. Qh7 Qh4+ 14. g3 Qxh5 15. Qxg8+ Ke7 16. Qh7 Qg5 17. f4 Qa5 18. Bg2 Bxc3+ 19. bxc3 Qxc3+ 20. Kf2 Qb2+ {0-1 Kotzian,E-Donaghay,M Dundee op 1996 (5)}) ({RR} 9. a3 Nxg3 10. hxg3 Be7 11. e4 d6 12. g4 Nc6 13. Ng3 Bf6 14. d5 Bxc3+ 15. bxc3 exd5 16. cxd5 Ne5 17. Bb5+ Kf8 18. Be2 Qf6 19. Qd2 Re8 20. Nh5 Qg6 21. f3 Re7 22. O-O-O a5 23. g3 Nd7 {1-0 Seemann,J (2466)-Bortnyk,O (2608) Titled Tue 4th Jun Early 2024 (3)}) 9... Nxg3 10. hxg3 Bf8 11. g4 d6 12. Ng3 Nd7 13. f3 Qe7 14. Qa4 a6 15. Bd3 O-O-O 16. b4 c5 17. Be4 d5 18. cxd5 cxd4 19. dxe6 dxc3 20. exd7+ Kb8 21. a3 Qd6 22. Kf2 Qd2+ 23. Ne2 Bxe4 24. Rhd1 Qc2 25. Qxa6 Bb7 26. Qxb6 Be7 27. Rac1 Qg6 28. Qa5 Bd6 29. Nxc3 Bc7 30. Qa4 Qe6 31. Ne4 Qa6 32. Qc2 Bb6 33. Nc5 Qb5 34. a4 Qc6 35. Na6+ Ka7 36. Qxc6 Bxc6 37. Rxc6 Kb7 38. b5 Ra8 39. Rdd6 Ba5 40. Nc5+ Kb8 41. b6 Rd8 42. Rc8+ Rxc8 43. dxc8=Q+ Kxc8 44. b7+ 1-0

[Event "45th Olympiad 2024"]
[Site "Budapest HUN"]
[Date "2024.09.16"]
[Round "6.54"]
[Board "1"]
[White "Cogan, Nicolas"]
[Black "Cabralis, Quinn"]
[Result "0-1"]
[WhiteElo "2112"]
[BlackElo "2169"]
[PlyCount "94"]
[EventDate "2024.09.11"]
[WhiteTeam "Cote d’Ivoire"]
[BlackTeam "Trinidad & Tobago"]

1. d4 d5 2. c4 e6 3. Nc3 Nf6 4. cxd5 exd5 5. Bg5 Bb4 6. e3 h6 7. Bxf6 Qxf6 8. Bd3 c5 9. Nge2 c4 10. Bc2 O-O 11. O-O Rd8 12. Nf4 Bxc3 13. bxc3 Nc6 $146 ({RR} 13... Bf5 14. Nxd5 Rxd5 15. e4 Bxe4 16. Bxe4 Rd7 17. Rb1 Nc6 18. Qa4 Rc8 19. Qxc4 Rdc7 20. Qd3 Na5 21. Rfc1 b6 22. Rb2 Nc4 23. Re2 Nd6 24. Bf3 h5 25. Re5 g6 26. h3 Nc4 27. Re2 Nd6 28. Rcc2 {½-½ De Borba,G (2015)-Rocha,V (2119) Sao Paulo op-A U2300 4th 2016 (7)}) 14. Rb1 Rb8 15. a4 Ne7 16. f3 Nf5 17. Qd2 Qg5 18. Rf2 Nh4 19. e4 dxe4 20. fxe4 a6 21. Rb6 Qa5 22. Rb4 b5 23. g3 Ng6 24. Nxg6 fxg6 25. Qf4 Qb6 26. Qf7+ Kh7 27. e5 Qe6 28. Be4 Qg4 29. Bf3 Qg5 30. Qf4 Qe7 31. Be4 Qe6 32. h4 Bb7 33. axb5 Rf8 34. Qe3 Rxf2 35. Kxf2 Qh3 36. Bxb7 Rxb7 37. Kg1 axb5 38. Rb1 Ra7 39. Qf2 Ra3 40. Rc1 b4 41. h5 b3 42. Re1 Ra2 43. hxg6+ Kxg6 44. Qf3 b2 45. e6 Ra1 46. Qe4+ Qf5 47. e7 Qxe4 0-1

[Event "45th Olympiad 2024"]
[Site "Budapest HUN"]
[Date "2024.09.16"]
[Round "6.54"]
[Board "2"]
[White "Cupid, Kevin"]
[Black "De Gondo, Simplice Armel"]
[Result "1/2-1/2"]
[WhiteElo "2201"]
[BlackElo "2045"]
[PlyCount "147"]
[EventDate "2024.09.11"]
[WhiteTeam "Trinidad & Tobago"]
[BlackTeam "Cote d’Ivoire"]

1. d4 d5 2. Nf3 c5 3. c4 e6 4. cxd5 exd5 5. g3 Nc6 6. Bg2 Nf6 7. O-O Bd6 8. dxc5 Bxc5 9. a3 a5 10. Bg5 ({RR} 10. b3 O-O 11. Nc3 d4 12. Nb5 Qb6 13. a4 Be6 14. Bb2 Rfd8 15. Nd2 Nb4 16. Rc1 Rac8 17. Nc4 Bxc4 18. Rxc4 d3 19. e3 Be7 20. Qf3 Rxc4 21. bxc4 Nd7 22. Bd4 Nc5 23. Nc3 Qe6 24. Nd5 Nxd5 {1-0 Tabatabaei,M (2645)-Moroni,L (2581) Sharjah Masters 5th 2022 (3)}) 10... Be6 11. Nc3 ({RR} 11. Qc2 Be7 12. Nc3 O-O 13. Rfd1 Qd7 14. Na4 Rae8 15. Nc5 Bxc5 16. Qxc5 Ne4 17. Qc2 Rc8 18. Qd3 h6 19. Bf4 Rfd8 20. Rac1 Bf5 21. Qb3 Nf6 22. Ne5 Qe6 23. Nxc6 bxc6 24. Qe3 c5 25. Qxe6 fxe6 {0-1 Cilia Vincenti,D (1945)-Renjith,S (2257) 131st ch-NZL Open 2024 (8.4)}) 11... d4 12. Bxf6 $146 ({RR} 12. Ne4 Be7 13. Nxf6+ Bxf6 14. Bxf6 Qxf6 15. Qa4 O-O 16. Rfd1 Rfd8 17. Rd2 Rab8 18. Qb5 Bd5 19. Rad1 Be4 20. Qg5 Qxg5 21. Nxg5 Bxg2 22. Kxg2 Rd5 23. Nf3 Rbd8 24. b3 f5 25. Rd3 Kf7 26. e3 Kf6 {1-0 Mundorf,J (2156)-Soukup,J (2278) NRW Class1 1213 2012 (1.4)}) ({RR} 12. Ne4 Be7 13. Bxf6 Bxf6 14. Qa4 Bd5 15. Nxf6+ Qxf6 16. b4 O-O 17. b5 Ne5 18. Nxd4 Bxg2 19. Kxg2 Rfd8 20. Rfd1 h5 21. Nf3 Nxf3 22. exf3 Rxd1 23. Rxd1 Rd8 24. Rc1 Qb6 25. Qh4 g6 26. Qe7 Kg7 {1-0 Zwirs,N (2444)-Mollema,T (2246) Dutch League 2023-24 (1.7)}) 12... Qxf6 13. Ne4 Qe7 14. b4 axb4 15. Nxc5 Qxc5 16. axb4 Rxa1 17. Qxa1 Qxb4 18. Nxd4 O-O 19. Nxc6 bxc6 20. Bxc6 Bg4 21. e3 Qc5 22. Rc1 Qh5 23. Qd4 Bf3 24. Bxf3 Qxf3 25. Qd1 Qxd1+ 26. Rxd1 Re8 27. f4 h5 28. Kf2 f5 29. h3 Kf7 30. g4 hxg4 31. hxg4 g6 32. Rh1 Kf6 33. Rg1 Re6 34. Kf3 Re7 35. Rg2 Re6 36. Re2 Re7 37. e4 fxe4+ 38. Rxe4 Ra7 39. Re5 Ra3+ 40. Re3 Ra4 41. Rb3 Kf7 42. Rb7+ Kf8 43. Rd7 Rb4 44. Kg3 Ra4 45. Rh7 Kg8 46. Rb7 Kf8 47. Rd7 Rb4 48. Ra7 Rc4 49. Kh4 Rxf4 50. Kg5 Rb4 51. Ra6 Kf7 52. Rf6+ Kg7 53. Rxg6+ Kh7 54. Rf6 Rb5+ 55. Rf5 Rb4 56. Rf7+ Kg8 57. Re7 Kf8 58. Rd7 Kg8 59. Kh5 Rb6 60. g5 Ra6 61. Rb7 Rc6 62. Re7 Ra6 63. Rc7 Rb6 64. Rc8+ Kg7 65. Rc7+ Kg8 66. Kg4 Rb5 67. Re7 Ra5 68. Kh5 Ra6 69. Rb7 Rc6 70. Ra7 Rb6 71. Ra8+ Kg7 72. Ra7+ Kg8 73. Rd7 Ra6 74. Rb7 1/2-1/2

[Event "45th Olympiad 2024"]
[Site "Budapest HUN"]
[Date "2024.09.16"]
[Round "6.54"]
[Board "3"]
[White "Manan, Yoboue Hermann"]
[Black "Harper, Ryan"]
[Result "1-0"]
[WhiteElo "2030"]
[BlackElo "2124"]
[PlyCount "153"]
[EventDate "2024.09.11"]
[WhiteTeam "Cote d’Ivoire"]
[BlackTeam "Trinidad & Tobago"]

1. e4 e5 2. Nf3 Nc6 3. Bb5 a6 4. Ba4 Nf6 5. d3 b5 6. Bb3 Bc5 7. c3 d6 8. O-O h6 9. a4 Rb8 10. axb5 axb5 11. Be3 Bb6 ({RR} 11... O-O 12. d4 Bb6 13. h3 Bb7 14. Nbd2 exd4 15. cxd4 Nb4 16. Qb1 c5 17. d5 c4 18. Bxb6 Qxb6 19. Bc2 Rfe8 20. Ra3 Ra8 21. Re3 Ra1 22. Qxa1 Nxc2 {0-1 Herman,M (2383)-Agasiyev,K (2441) Titled Tue 30th Jan Late 2024 (11)}) 12. Re1 O-O 13. Nbd2 Re8 $146 ({RR} 13... Ne7 14. Nf1 Ng6 15. Ng3 Bxe3 16. fxe3 c5 17. Rf1 c4 18. Bc2 cxd3 19. Qxd3 Be6 20. Rfd1 Qb6 21. h3 Rfd8 22. Kh2 Rbc8 23. Qe2 b4 24. cxb4 Qxb4 25. Bd3 Nd7 26. Qd2 Rb8 27. Qxb4 Rxb4 28. Rd2 {0-1 Tereladze,S (2215)-Lagno,K (2563) World Rapid Women 2022 (2.31)}) 14. Bxb6 Rxb6 15. Nf1 Ne7 16. Ra8 Nc6 17. Ne3 Rb8 18. Ra1 Ne7 19. Nh4 d5 20. Qf3 Be6 21. Bc2 Nh7 22. Qg3 dxe4 23. dxe4 Nc6 24. Ra6 Rb6 25. Rxb6 cxb6 26. Nhf5 Bxf5 27. Nxf5 Qg5 28. Bd3 Qxg3 29. hxg3 Rd8 30. Bxb5 Na7 31. Bc4 Nf6 32. f3 Nc6 33. Ne3 Rb8 34. Nd5 b5 35. Nxf6+ gxf6 36. Bd5 Ne7 37. Bb3 b4 38. c4 Nc6 39. c5 Rb5 40. Rc1 Nd4 41. Ba4 Ra5 42. Bd1 Ra6 43. Kf1 Kf8 44. Rc4 Ke7 45. Rxb4 Ra1 46. Rb7+ Ke6 47. Ke1 Rc1 48. b4 Rb1 49. Kd2 Rb2+ 50. Kc3 Rb1 51. Ba4 Rc1+ 52. Kd3 Rb1 53. Bd7+ Ke7 54. b5 Rc1 55. Bg4+ Kd8 56. c6 Nxb5 57. Rxb5 Rxc6 58. Rb7 Rd6+ 59. Ke2 Ke8 60. Bh5 Kf8 61. Bxf7 Kg7 62. Be8+ Kf8 63. Bg6 Kg8 64. g4 Rc6 65. Kf2 Ra6 66. Kg3 Rd6 67. Bf5 Rd1 68. Kh2 Rd6 69. Rh7 Rb6 70. Kg3 Rb1 71. Rxh6 Kg7 72. Rh7+ Kg8 73. Rc7 Ra1 74. Be6+ Kh8 75. Rf7 Ra6 76. Rxf6 Kg7 77. g5 1-0

[Event "45th Olympiad 2024"]
[Site "Budapest HUN"]
[Date "2024.09.16"]
[Round "6.54"]
[Board "4"]
[White "Mc Intosh, Isaiah"]
[Black "Nean, Franck Anderson"]
[Result "1-0"]
[WhiteElo "2249"]
[BlackElo "1917"]
[PlyCount "67"]
[EventDate "2024.09.11"]
[WhiteTeam "Trinidad & Tobago"]
[BlackTeam "Cote d’Ivoire"]

1. d4 Nf6 2. c4 e6 3. g3 d5 4. Nf3 Nc6 5. Bg2 dxc4 6. O-O Bd7 7. Nc3 ({RR} 7. Qa4 Nxd4 8. Qxc4 Nxf3+ 9. Bxf3 Rc8 10. Bxb7 Rb8 11. Bf3 Bd6 12. Nc3 O-O 13. Rd1 Bb5 14. Nxb5 Qd7 15. Nxd6 cxd6 16. b3 Rbc8 17. Qd4 e5 18. Qxd6 Qb5 19. Bb2 Rfd8 20. Qxd8+ Rxd8 21. Rxd8+ Ne8 {1-0 Zuo,Y (2330)-Mitkov,S (1309) Gran Canaria Online Blitz 2nd 2022 (2)}) 7... Be7 8. Ne5 Na5 $146 ({RR} 8... O-O 9. Nxc4 Nd5 10. e4 Nb6 11. Ne3 e5 12. dxe5 Nxe5 13. f4 Nec4 14. b3 Nxe3 15. Bxe3 Bc6 16. Qc2 Bb4 17. a3 Bxc3 18. Qxc3 Qe7 19. Bc5 {1-0 Banduka,Z (2173)-Molnar,E (1922) SVK-ch op-A Banska Stiavnica 2012 (3)}) 9. Qc2 Rb8 10. b3 Nc6 11. Rd1 Nb4 12. Qd2 cxb3 13. axb3 a6 14. Bb2 c6 15. e4 O-O 16. Qe2 Qc7 17. Rac1 Bc8 18. d5 exd5 19. Nxd5 Nbxd5 20. exd5 c5 21. b4 Re8 22. bxc5 Bxc5 23. d6 Qb6 24. Qc2 Bd7 25. Nxd7 Nxd7 26. Bh3 Rbd8 27. Rd5 Bxd6 28. Bd4 Qb4 29. Bc3 Qb6 30. Ba5 Qa7 31. Bxd8 Ba3 32. Bxd7 Rxd8 33. Qc7 Rf8 34. Rb1 1-0

[Event "45th Olympiad 2024"]
[Site "Budapest HUN"]
[Date "2024.09.16"]
[Round "6.55"]
[Board "1"]
[White "Carpenter, Paul A"]
[Black "El Jawich, Amro"]
[Result "0-1"]
[WhiteElo "1985"]
[BlackElo "2296"]
[PlyCount "38"]
[EventDate "2024.09.11"]
[WhiteTeam "Jersey"]
[BlackTeam "Lebanon"]
[BlackTeamCountry "LBN"]

1. f4 g6 2. Nf3 Bg7 3. e4 d5 4. exd5 ({RR} 4. d3 dxe4 5. dxe4 Qxd1+ 6. Kxd1 Bg4 7. c3 Nd7 8. Kc2 Nc5 9. Nbd2 Nf6 10. e5 Nd5 11. Nc4 Bf5+ 12. Kd1 O-O-O 13. Nd4 Bh6 14. g3 Be4 15. Rg1 f6 16. Nd6+ cxd6 17. exf6 exf6 18. Bc4 Rhe8 {0-1 Moussard,J (2668)-Bjelobrk,I (2395) Titled Tuesday intern op 07th Jun Late blitz 2022 (3)}) 4... Qxd5 ({RR} 4... c6 5. dxc6 Nxc6 6. c3 Qc7 7. d4 Bg4 8. Be2 e6 9. Na3 a6 10. Nc2 Nge7 11. Ne3 h5 12. Ne5 Bxe2 13. Qxe2 b5 14. O-O O-O 15. Bd2 Rad8 16. Rfd1 Qb6 17. Be1 Rfe8 18. Bf2 Nd5 19. Qf3 {1-0 Kuc,M (1748)-Hartman,A (1716) 288th YMCA Spring C 2024 (7)}) 5. d4 Nf6 $146 ({RR} 5... c5 6. Nc3 Qd8 7. d5 Nf6 8. Be3 Nbd7 9. Ne5 O-O 10. Nxd7 Nxd7 11. Be2 b6 12. O-O Nf6 13. Bf3 Ba6 14. Rf2 Qd7 15. g4 Ne8 16. Rb1 Nd6 17. Rg2 Nc4 18. Bf2 Nxb2 19. Rxb2 Bxc3 20. Rb3 {0-1 Schell,P-Lieder,C Baden VLN 0203 2002 (6.6)}) ({RR} 5... Bg4 6. Be2 c6 7. c3 h5 8. h3 Bc8 9. O-O Nh6 10. Na3 O-O 11. Nc4 Qd8 12. Nce5 Nf5 13. Bc4 e6 14. Ng5 Qe8 15. g4 hxg4 16. hxg4 Nh6 17. Ne4 Nd7 18. Qe2 Qe7 19. Ng5 Nb6 20. Bd3 {0-1 Bergman,E-Sjodin,B SWE-ch op Vaxjo 1992}) ({RR} 5... Bg4 6. Be2 Nf6 7. O-O c6 8. h3 Bxf3 9. Bxf3 Qd8 10. Na3 O-O 11. Nc4 Qc7 12. Qe2 e6 13. c3 Nbd7 14. g3 Nd5 15. Ne5 Rad8 16. Qf2 Rfe8 17. Bd2 Qb6 18. b4 Qc7 19. a4 a5 20. bxa5 {1-0 Milov,L (2391)-Krueger,T (1935) Frankfurt-chA 2017 (2)}) 6. Nc3 Qd6 7. Ne5 O-O 8. Bc4 a6 9. a4 Nc6 10. Be3 Nb4 11. O-O Be6 12. Bxe6 Qxe6 13. f5 gxf5 14. Rf3 Ng4 15. Bf4 Rad8 16. Rg3 Kh8 17. Rxg4 fxg4 18. Kh1 c5 19. Ne4 Rxd4 0-1

[Event "45th Olympiad 2024"]
[Site "Budapest HUN"]
[Date "2024.09.16"]
[Round "6.55"]
[Board "2"]
[White "Khoder, Akram"]
[Black "Belzo, Krzysztof"]
[Result "1-0"]
[WhiteElo "2239"]
[BlackElo "2076"]
[PlyCount "65"]
[EventDate "2024.09.11"]
[WhiteTeam "Lebanon"]
[BlackTeam "Jersey"]
[WhiteTeamCountry "LBN"]

1. d4 d6 2. c4 g6 3. Nc3 Bg7 4. e4 Nd7 5. Be2 e5 6. Nf3 exd4 7. Nxd4 Nc5 ({RR} 7... Ne7 8. Be3 O-O 9. Qd2 Nc6 10. O-O Nde5 11. Rad1 Ng4 12. Bxg4 Bxg4 13. f3 Bd7 14. Nd5 Ne5 15. b3 Be6 16. Bh6 Bxh6 17. Qxh6 Bxd5 18. cxd5 Qf6 19. h3 c5 20. dxc6 Nxc6 21. Nf5 Rad8 22. Rf2 {0-1 Barria Zuniga,D (2341)-Merino Garcia,R (2382) Titled Tue 9th Jul Late 2024 (6)}) 8. O-O Ne6 9. Be3 Ne7 $146 ({RR} 9... Nf6 10. Qd2 O-O 11. Rad1 Re8 12. f3 a6 13. Rfe1 Bd7 14. Nb3 b6 15. Nd5 Bc6 16. Nd4 Bxd5 17. cxd5 Nxd4 18. Bxd4 a5 19. Bb5 Re7 20. Rc1 Nd7 21. Bxg7 Kxg7 22. Qc3+ Nf6 23. g4 g5 24. h4 {1-0 Demir,G (2231)-Sever,T (1894) TUR-ch Antalya 2013 (5)}) 10. Qa4+ Bd7 11. Nxe6 fxe6 12. Qc2 b6 13. f4 O-O 14. Bg4 Nc6 15. Qd2 Qe7 16. Rad1 Na5 17. b3 Nb7 18. Nd5 Qd8 19. f5 exf5 20. Bg5 Qe8 21. Nxc7 Qe5 22. Nxa8 fxg4 23. Qd5+ Qxd5 24. Rxf8+ Kxf8 25. exd5 Nc5 26. Nc7 Ne4 27. Bf4 g5 28. Be3 Nc3 29. Rf1+ Kg8 30. Bxg5 Bd4+ 31. Kh1 Ne4 32. Bh4 g3 33. Bxg3 1-0